000 00317nam a2200145Ia 4500
100 _aAli Ashraf/ M.d.
942 _cBK
654 _avector
245 _aVector analysis with application
260 _bWiley eastern
_aNew Delhi
_c1993
082 _a515.63
_bPAN
300 _a308
546 _aENGLISH
999 _c35125
_d35125